| 000 | 00439nam a2200181Ia 4500 | ||
|---|---|---|---|
| 001 | 8063 | ||
| 005 | 20260306160541.0 | ||
| 008 | 260306t2012||||xx |||||||||||||| ||spa|| | ||
| 041 | _aESP | ||
| 082 |
_a370.1 _bG67 V. 2 |
||
| 100 |
_aGonzález Moreyra, Raúl _eAUT |
||
| 245 | 0 |
_aCurrículum: _blineamientos básicos |
|
| 260 | _c2012 | ||
| 300 |
_a180 páginas : _c21 cm. |
||
| 650 | _aGEN | ||
| 654 | _aCED | ||
| 942 |
_cLIB _dJUS _fJUS _2ddc _n |
||
| 999 |
_c8063 _d8063 |
||